[Event "Wood Green Invitational"]
[Site "Stafford"]
[Date "2024.07.12"]
[Round "1.1"]
[White "Haydon, David L"]
[Black "Jackson, James P"]
[Result "0-1"]
[WhiteElo "2255"]
[BlackElo "2357"]
[PlyCount "80"]
[EventDate "2024.07.12"]
[EventType "tourn"]
[EventRounds "9"]
[EventCountry "ENG"]
[SourceTitle "BritBase"]
[Source "John Saunders"]
[SourceDate "2024.07.17"]
[SourceVersion "1"]
[SourceVersionDate "2024.07.17"]
[SourceQuality "1"]

1. e4 e5 2. Nf3 Nc6 3. Bb5 a6 4. Ba4 Nf6 5. d3 b5 6. Bb3 Bc5 7. c3 d6 8. h3 Bb6
9. a4 Rb8 10. Na3 b4 11. Nc4 Ba7 12. a5 h6 13. Be3 Bxe3 14. Nxe3 O-O 15. O-O
Be6 16. Bc4 Bxc4 17. Nxc4 Re8 18. Re1 Rb5 19. d4 bxc3 20. bxc3 exd4 21. Nxd4
Nxd4 22. Qxd4 Qa8 23. f3 Qc6 24. Ne3 Qc5 25. Ra4 Rxa5 26. Rxa5 Qxa5 27. Nf5 Qe5
28. Ra1 a5 29. Ne3 Qg5 30. Nf5 Re5 31. Rf1 Nh5 32. Kh2 Rb5 33. Rf2 Qc1 34. Qe3
Qa1 35. g4 Nf6 36. Qf4 Qxc3 37. g5 Nh5 38. Qg4 Rb2 39. Qxh5 Rxf2+ 40. Kg3 Qd2
0-1

[Event "Wood Green Invitational"]
[Site "Stafford"]
[Date "2024.07.12"]
[Round "1.2"]
[White "Waldhausen Gordon, Frederick"]
[Black "Ernst, Sipke"]
[Result "0-1"]
[WhiteElo "2354"]
[BlackElo "2512"]
[PlyCount "68"]
[EventDate "2024.07.12"]
[EventType "tourn"]
[EventRounds "9"]
[EventCountry "ENG"]
[SourceTitle "BritBase"]
[Source "John Saunders"]
[SourceDate "2024.07.17"]
[SourceVersion "1"]
[SourceVersionDate "2024.07.17"]
[SourceQuality "1"]

1. d4 d5 2. c4 c6 3. Nc3 Nf6 4. e3 Bf5 5. cxd5 cxd5 6. Qb3 Nc6 7. Qxb7 Bd7 8.
Qb3 Rb8 9. Qd1 e5 10. dxe5 Nxe5 11. Be2 Bd6 12. Nf3 O-O 13. O-O Ne4 14. Nxe5
Bxe5 15. Qxd5 Nxc3 16. bxc3 Qc7 17. Ba3 Bc6 18. Qc5 Bxh2+ 19. Kh1 Rfe8 20. f4
Bg3 21. Rad1 Qb7 22. Bf3 Bxf3 23. Rxf3 Rbd8 24. Rc1 Rd5 25. Qb4 Rh5+ 26. Kg1
Bh2+ 27. Kf2 Rb5 28. Qa4 Qd7 29. Rc2 Bg1+ 30. Ke2 Rd8 31. Rc1 Rb2+ 32. Bxb2
Qxa4 33. Rxg1 Qc2+ 34. Kf1 Rd1# 0-1

[Event "Wood Green Invitational"]
[Site "Stafford"]
[Date "2024.07.12"]
[Round "1.3"]
[White "Willow, Jonah B"]
[Black "Turner, Matthew J"]
[Result "1/2-1/2"]
[WhiteElo "2416"]
[BlackElo "2459"]
[PlyCount "90"]
[EventDate "2024.07.12"]
[EventType "tourn"]
[EventRounds "9"]
[EventCountry "ENG"]
[SourceTitle "BritBase"]
[Source "John Saunders"]
[SourceDate "2024.07.17"]
[SourceVersion "1"]
[SourceVersionDate "2024.07.17"]
[SourceQuality "1"]

1. e4 c5 2. Nf3 g6 3. d4 cxd4 4. Nxd4 Bg7 5. Nc3 Nc6 6. Be3 Nf6 7. Bc4 O-O 8.
Bb3 a5 9. a4 Ng4 10. Qxg4 Nxd4 11. Qd1 Nxb3 12. cxb3 Ra6 13. O-O f5 14. f3 fxe4
15. fxe4 Rxf1+ 16. Qxf1 Rc6 17. Qb5 d6 18. Rf1 Be6 19. Qxb7 Rc7 20. Qb6 Rc8 21.
Qa6 Bxb3 22. Bb6 Qd7 23. Qxa5 Bxc3 24. bxc3 Qxa4 25. Re1 Qxa5 26. Bxa5 Rc5 27.
Bb4 Re5 28. Kf2 Bc2 29. Kf3 Kf7 30. Re3 g5 31. c4 h5 32. Ba3 Bb1 33. Bb4 Kg6
34. Ba3 h4 35. g3 Kh5 36. gxh4 Kxh4 37. Bb4 Kh5 38. Ba3 Bc2 39. Bb4 Bd1+ 40.
Kg3 Kg6 41. Ba3 Ba4 42. Bb2 Rc5 43. e5 Rxc4 44. exd6 exd6 45. Re6+ Kh5 1/2-1/2

[Event "Wood Green Invitational"]
[Site "Stafford"]
[Date "2024.07.12"]
[Round "1.4"]
[White "Fernandez, Daniel H"]
[Black "Wadsworth, Matthew J"]
[Result "1/2-1/2"]
[WhiteElo "2525"]
[BlackElo "2456"]
[PlyCount "81"]
[EventDate "2024.07.12"]
[EventType "tourn"]
[EventRounds "9"]
[EventCountry "ENG"]
[SourceTitle "BritBase"]
[Source "John Saunders"]
[SourceDate "2024.07.17"]
[SourceVersion "1"]
[SourceVersionDate "2024.07.17"]
[SourceQuality "1"]

1. a4 d5 2. e3 c5 3. Bb5+ Bd7 4. b3 a6 5. Bxd7+ Nxd7 6. d3 Ngf6 7. Bb2 e5 8.
Nd2 Bd6 9. e4 O-O 10. Ne2 Bc7 11. exd5 Nxd5 12. O-O f5 13. Ng3 Qf6 14. Nc4 f4
15. Qf3 Nb4 16. Ne4 Qc6 17. c3 Nd5 18. a5 N7f6 19. Ncd2 Nxe4 20. Nxe4 Nf6 21.
Ba3 Nxe4 22. Qxe4 Qxe4 23. dxe4 Bxa5 24. Bxc5 Bxc3 25. Rac1 Bb2 26. Bxf8 Bxc1
27. Rxc1 Kxf8 28. h4 Rd8 29. Rc7 Rd4 30. Rxb7 Rxe4 31. f3 Re2 32. Rb6 Rb2 33.
h5 Kf7 34. b4 Ra2 35. Rb7+ Kf6 36. h6 gxh6 37. Rxh7 Kg6 38. Re7 Kf6 39. Rh7 Kg5
40. Rg7+ Kf6 41. Rh7 1/2-1/2

[Event "Wood Green Invitational"]
[Site "Stafford"]
[Date "2024.07.12"]
[Round "1.5"]
[White "Derakhshani, Borna"]
[Black "Fitzsimons, David"]
[Result "1/2-1/2"]
[WhiteElo "2351"]
[BlackElo "2320"]
[PlyCount "87"]
[EventDate "2024.07.12"]
[EventType "tourn"]
[EventRounds "9"]
[EventCountry "ENG"]
[SourceTitle "BritBase"]
[Source "John Saunders"]
[SourceDate "2024.07.17"]
[SourceVersion "1"]
[SourceVersionDate "2024.07.17"]
[SourceQuality "1"]

1. e4 e6 2. d4 d5 3. Nc3 Nf6 4. e5 Nfd7 5. f4 c5 6. Nf3 Nc6 7. Be3 a6 8. a3
cxd4 9. Nxd4 Bc5 10. Qd2 g5 11. g3 gxf4 12. gxf4 Qh4+ 13. Bf2 Nxd4 14. Bxh4
Nf3+ 15. Kd1 Nxd2 16. Kxd2 Rg8 17. Re1 b5 18. Bd3 Bb7 19. Bg5 b4 20. Na4 bxa3
21. Nxc5 Nxc5 22. bxa3 Nxd3 23. cxd3 Kd7 24. Rhg1 h6 25. Bf6 d4 26. Bh4 h5 27.
Bf2 Rg4 28. Rxg4 hxg4 29. Rb1 Bd5 30. Bxd4 Rh8 31. Bg1 Rh3 32. Rb6 Rf3 33. Be3
Rh3 34. Bg1 Rf3 35. Rxa6 Rxf4 36. a4 Rf1 37. Be3 Rh1 38. Bf4 Kc7 39. a5 Ra1 40.
Be3 Ra2+ 41. Kc3 Rxh2 42. Ra7+ Kc6 43. Rxf7 Kb5 44. Rg7 1/2-1/2

[Event "Wood Green Invitational"]
[Site "Stafford"]
[Date "2024.07.12"]
[Round "2.1"]
[White "Jackson, James P"]
[Black "Fitzsimons, David"]
[Result "1-0"]
[WhiteElo "2357"]
[BlackElo "2320"]
[PlyCount "107"]
[EventDate "2024.07.12"]
[EventType "tourn"]
[EventRounds "9"]
[EventCountry "ENG"]
[SourceTitle "BritBase"]
[Source "John Saunders"]
[SourceDate "2024.07.17"]
[SourceVersion "1"]
[SourceVersionDate "2024.07.17"]
[SourceQuality "1"]

1. c4 Nf6 2. Nf3 c5 3. g3 b6 4. Bg2 Bb7 5. O-O e6 6. Nc3 Be7 7. d4 cxd4 8. Qxd4
d6 9. Bg5 h6 10. Bxf6 Bxf6 11. Qf4 O-O 12. Rfd1 Qe7 13. Qxd6 Qxd6 14. Rxd6 Na6
15. Rc1 Rfd8 16. Rxd8+ Rxd8 17. Rd1 Rc8 18. Nb5 Bxf3 19. Bxf3 Rxc4 20. Rd7 Rb4
21. Rxa7 Rxb5 22. Rxa6 Rxb2 23. Ra8+ Kh7 24. Rf8 Bd4 25. Rxf7 Rxa2 26. Re7 Ra1+
27. Kg2 e5 28. h4 Ra5 29. e3 Bc3 30. Rb7 b5 31. h5 b4 32. Rb8 g5 33. Be4+ Kg7
34. Rb6 Kf8 35. Rxh6 Rb5 36. Rc6 Rb8 37. Rg6 b3 38. h6 b2 39. h7 Kf7 40. Rb6
Rd8 41. Rb3 Ba5 42. Rxb2 Kg7 43. Rc2 Rf8 44. Kh3 Bd8 45. Rc8 Be7 46. Rc7 Kf6
47. Kg4 Rh8 48. Rc6+ Kg7 49. Rg6+ Kf7 50. Rg8 Bf6 51. Bg6+ Ke7 52. e4 Kd7 53.
Kf5 Ke7 54. g4 1-0

[Event "Wood Green Invitational"]
[Site "Stafford"]
[Date "2024.07.12"]
[Round "2.2"]
[White "Wadsworth, Matthew J"]
[Black "Derakhshani, Borna"]
[Result "1-0"]
[WhiteElo "2456"]
[BlackElo "2351"]
[PlyCount "103"]
[EventDate "2024.07.12"]
[EventType "tourn"]
[EventRounds "9"]
[EventCountry "ENG"]
[SourceTitle "BritBase"]
[Source "John Saunders"]
[SourceDate "2024.07.17"]
[SourceVersion "1"]
[SourceVersionDate "2024.07.17"]
[SourceQuality "1"]

1. d4 Nf6 2. c4 e6 3. g3 c5 4. d5 exd5 5. cxd5 d6 6. Bg2 g6 7. Nc3 Bg7 8. Nf3
O-O 9. O-O Re8 10. Bf4 h6 11. Qc1 g5 12. Be3 Bf5 13. h4 g4 14. Nd2 a6 15. a4
Kh7 16. Nc4 Nh5 17. Bf4 Bf8 18. a5 Qc7 19. e4 Bg6 20. e5 dxe5 21. Be3 Nd7 22.
d6 Bxd6 23. Nd5 Qb8 24. Ndb6 Nxb6 25. Nxb6 e4 26. Nxa8 Qxa8 27. Rd1 Qb8 28. Ra3
Qc7 29. Rc3 Rc8 30. b4 c4 31. Rd4 Qe7 32. Rcxc4 Rxc4 33. Qxc4 f5 34. b5 Bf7 35.
Qe2 Bc5 36. Rd1 Bxe3 37. Qxe3 axb5 38. Qd4 Be8 39. Qd6 Qf7 40. Rc1 Bc6 41. a6
e3 42. fxe3 Qa2 43. Bxc6 bxc6 44. Rxc6 Qb1+ 45. Kf2 Qb2+ 46. Ke1 Qa1+ 47. Kd2
Qa2+ 48. Kd3 Qb1+ 49. Kd2 Qa2+ 50. Rc2 Qa5+ 51. Ke2 Ng7 52. h5 1-0

[Event "Wood Green Invitational"]
[Site "Stafford"]
[Date "2024.07.12"]
[Round "2.4"]
[White "Ernst, Sipke"]
[Black "Willow, Jonah B"]
[Result "0-1"]
[WhiteElo "2512"]
[BlackElo "2416"]
[PlyCount "104"]
[EventDate "2024.07.12"]
[EventType "tourn"]
[EventRounds "9"]
[EventCountry "ENG"]
[SourceTitle "BritBase"]
[Source "John Saunders"]
[SourceDate "2024.07.17"]
[SourceVersion "1"]
[SourceVersionDate "2024.07.17"]
[SourceQuality "1"]

1. d4 d5 2. c4 e6 3. Nc3 c6 4. e3 Nf6 5. Nf3 Nbd7 6. Qc2 Bd6 7. b3 O-O 8. Be2
b6 9. O-O Bb7 10. Bb2 Rc8 11. Rac1 c5 12. cxd5 cxd4 13. Nxd4 Nxd5 14. Qb1 Nxe3
15. fxe3 Qh4 16. Nf3 Bxf3 17. Rxf3 Qxh2+ 18. Kf1 Qh1+ 19. Kf2 Qh4+ 20. Kf1 Bg3
21. Rxg3 Qxg3 22. Rd1 Rfd8 23. Ne4 Qh2 24. Nf2 Nf6 25. Bxf6 gxf6 26. Rxd8+ Rxd8
27. Qc2 Qe5 28. Ng4 Qa1+ 29. Kf2 Kg7 30. Qc7 Rd5 31. e4 Qd4+ 32. Kf3 Rc5 33.
Qg3 Rg5 34. Qf4 h5 35. Ne3 Qc3 36. Kf2 Qd2 37. a4 Qd4 38. g3 a5 39. Kf3 Qc3 40.
Bc4 Qe1 41. Ng2 Qd1+ 42. Kf2 Qc2+ 43. Kf3 Rg4 44. Qe3 f5 45. Qd4+ Kg8 46. Qd8+
Kg7 47. Qd4+ Kh7 48. Bd3 Qd1+ 49. Kf2 Qd2+ 50. Kf3 Rxe4 51. Qd7 Kg7 52. Qd8
Qd1+ 0-1

[Event "Wood Green Invitational"]
[Site "Stafford"]
[Date "2024.07.12"]
[Round "2.5"]
[White "Haydon, David L"]
[Black "Waldhausen Gordon, Frederick"]
[Result "1-0"]
[WhiteElo "2255"]
[BlackElo "2354"]
[PlyCount "89"]
[EventDate "2024.07.12"]
[EventType "tourn"]
[EventRounds "9"]
[EventCountry "ENG"]
[SourceTitle "BritBase"]
[Source "John Saunders"]
[SourceDate "2024.07.17"]
[SourceVersion "1"]
[SourceVersionDate "2024.07.17"]
[SourceQuality "1"]

1. Nf3 Nf6 2. e3 c5 3. d4 d5 4. c4 cxd4 5. Nxd4 e5 6. Nf3 Nc6 7. cxd5 Nxd5 8.
a3 Be7 9. Bc4 Be6 10. Qe2 O-O 11. Nbd2 Rc8 12. O-O g5 13. Rd1 g4 14. Ne1 h5 15.
Ba2 Rc7 16. Nf1 Rd7 17. Bd2 f5 18. Bc3 e4 19. Ng3 h4 20. Nh5 Kh7 21. Bxd5 Bxd5
22. Nf4 Bb3 23. Rxd7 Qxd7 24. Qb5 Bg8 25. f3 a6 26. Qe2 Bb3 27. fxg4 fxg4 28.
g3 Bc5 29. Neg2 h3 30. Nxh3 Qf5 31. Nhf4 b5 32. Rc1 Bc4 33. Qc2 Ne5 34. Bxe5
Qxe5 35. Rd1 Kh6 36. b3 Bd3 37. Qc1 Rd8 38. b4 Bb6 39. Qc6+ Rd6 40. Qc8 Bd8 41.
Qxg4 Bc4 42. Qh5+ Qxh5 43. Rxd6+ Kg5 44. Nxh5 Be7 45. Rd7 1-0

[Event "Wood Green Invitational"]
[Site "Stafford"]
[Date "2024.07.13"]
[Round "3.1"]
[White "Waldhausen Gordon, Frederick"]
[Black "Jackson, James P"]
[Result "1-0"]
[WhiteElo "2354"]
[BlackElo "2357"]
[PlyCount "75"]
[EventDate "2024.07.12"]
[EventType "tourn"]
[EventRounds "9"]
[EventCountry "ENG"]
[SourceTitle "BritBase"]
[Source "John Saunders"]
[SourceDate "2024.07.17"]
[SourceVersion "1"]
[SourceVersionDate "2024.07.17"]
[SourceQuality "1"]

1. d4 Nf6 2. c4 g6 3. Nc3 d5 4. Nf3 Bg7 5. Qb3 dxc4 6. Qxc4 O-O 7. e4 a6 8. Be2
b5 9. Qb3 c5 10. dxc5 Be6 11. Qc2 Nbd7 12. Be3 Rc8 13. Rd1 Qa5 14. a3 b4 15.
axb4 Qxb4 16. Nd4 Nxc5 17. Nxe6 fxe6 18. Rd4 Qb8 19. O-O Ncxe4 20. Bc4 Nxc3 21.
Bxe6+ Kh8 22. Bxc8 Nb5 23. Bxa6 Nxd4 24. Bxd4 Ng4 25. Bxg7+ Kxg7 26. g3 Qb6 27.
Bc4 Rf6 28. Qe2 Qd4 29. Qxe7+ Kh8 30. Qe2 h5 31. Qe8+ Kg7 32. Qg8+ Kh6 33. Qh8+
Kg5 34. h4+ Kf5 35. Qc8+ Ke5 36. Re1+ Kd6 37. Qd8+ Kc5 38. b4+ 1-0

[Event "Wood Green Invitational"]
[Site "Stafford"]
[Date "2024.07.13"]
[Round "3.2"]
[White "Willow, Jonah B"]
[Black "Haydon, David L"]
[Result "0-1"]
[WhiteElo "2416"]
[BlackElo "2255"]
[PlyCount "62"]
[EventDate "2024.07.12"]
[EventType "tourn"]
[EventRounds "9"]
[EventCountry "ENG"]
[SourceTitle "BritBase"]
[Source "John Saunders"]
[SourceDate "2024.07.17"]
[SourceVersion "1"]
[SourceVersionDate "2024.07.17"]
[SourceQuality "1"]

1. e4 d5 2. exd5 Qxd5 3. Nc3 Qd6 4. d4 Nf6 5. Nf3 c6 6. Ne5 Nbd7 7. Nc4 Qc7 8.
a4 Nb6 9. Ne5 e6 10. a5 Nbd5 11. Nxd5 exd5 12. Bd3 Bd6 13. O-O O-O 14. Re1 Re8
15. Bf4 Bg4 16. Qb1 Bh5 17. c4 c5 18. Bg5 dxc4 19. Nxc4 Bxh2+ 20. Kf1 Rxe1+ 21.
Qxe1 Re8 22. Qb1 cxd4 23. Bxf6 gxf6 24. Bxh7+ Kg7 25. Bd3 Qf4 26. Qc2 Bg3 27.
Kg1 Re2 28. Bxe2 Qxf2+ 29. Kh1 Bxe2 30. Nd2 Bf4 31. Nf3 d3 0-1

[Event "Wood Green Invitational"]
[Site "Stafford"]
[Date "2024.07.13"]
[Round "3.3"]
[White "Fernandez, Daniel H"]
[Black "Ernst, Sipke"]
[Result "1/2-1/2"]
[WhiteElo "2525"]
[BlackElo "2512"]
[PlyCount "142"]
[EventDate "2024.07.12"]
[EventType "tourn"]
[EventRounds "9"]
[EventCountry "ENG"]
[SourceTitle "BritBase"]
[Source "John Saunders"]
[SourceDate "2024.07.17"]
[SourceVersion "1"]
[SourceVersionDate "2024.07.17"]
[SourceQuality "1"]

1. e4 e5 2. Nf3 Nc6 3. Nc3 Nf6 4. d4 exd4 5. Nxd4 Bb4 6. Nxc6 bxc6 7. Bd3 O-O
8. O-O d5 9. exd5 cxd5 10. h3 Re8 11. Qf3 c6 12. Bf4 Bd6 13. b3 Qc7 14. Ne2 Be6
15. Rfe1 Rad8 16. Rad1 c5 17. Bg5 Be5 18. Nf4 Rb8 19. Nxe6 Rxe6 20. Bf5 Bh2+
21. Kh1 Rxe1+ 22. Rxe1 Be5 23. g3 Rf8 24. Kg2 Qd6 25. h4 h6 26. Bc1 h5 27. Bd3
Ng4 28. c4 dxc4 29. Bxc4 Bd4 30. Re2 g6 31. Qb7 Kg7 32. Bf4 Be5 33. Rd2 Qf6 34.
Bg5 Qf5 35. Bd3 Qe6 36. Bc4 Qf5 37. Bd3 Qe6 38. Re2 Qd6 39. Bc4 Bf6 40. Bxf6+
Kxf6 41. Qxa7 Qc6+ 42. f3 Nh6 43. Qa6 Qxa6 44. Bxa6 Nf5 45. Kf2 Nd4 46. Rd2 Ra8
47. Bc4 Ra3 48. Ke3 Ra7 49. a4 Ke5 50. Ra2 f6 51. a5 g5 52. f4+ gxf4+ 53. gxf4+
Kd6 54. a6 Kc6 55. Kf2 Kb6 56. Rd2 Re7 57. b4 cxb4 58. Rxd4 Kc5 59. Rd5+ Kxc4
60. Rxh5 b3 61. Rh8 Ra7 62. Rc8+ Kd3 63. Rb8 Kc2 64. h5 Rxa6 65. Kg3 b2 66. Kg4
Ra8 67. Rxb2+ Kxb2 68. Kf5 Rh8 69. Kxf6 Rxh5 70. f5 Kc3 71. Kg6 Rxf5 1/2-1/2

[Event "Wood Green Invitational"]
[Site "Stafford"]
[Date "2024.07.13"]
[Round "3.4"]
[White "Derakhshani, Borna"]
[Black "Turner, Matthew J"]
[Result "1/2-1/2"]
[WhiteElo "2351"]
[BlackElo "2459"]
[PlyCount "34"]
[EventDate "2024.07.12"]
[EventType "tourn"]
[EventRounds "9"]
[EventCountry "ENG"]
[SourceTitle "BritBase"]
[Source "John Saunders"]
[SourceDate "2024.07.17"]
[SourceVersion "1"]
[SourceVersionDate "2024.07.17"]
[SourceQuality "1"]

1. e4 e5 2. Nf3 Nc6 3. Bb5 a6 4. Ba4 Nf6 5. O-O Be7 6. Re1 b5 7. Bb3 d6 8. c3
O-O 9. h3 Nb8 10. d4 Nbd7 11. Nbd2 Bb7 12. Bc2 c5 13. d5 c4 14. b3 cxb3 15.
axb3 Qc7 16. Bb2 a5 17. b4 axb4 1/2-1/2

[Event "Wood Green Invitational"]
[Site "Stafford"]
[Date "2024.07.13"]
[Round "3.5"]
[White "Fitzsimons, David"]
[Black "Wadsworth, Matthew J"]
[Result "1/2-1/2"]
[WhiteElo "2320"]
[BlackElo "2456"]
[PlyCount "107"]
[EventDate "2024.07.12"]
[EventType "tourn"]
[EventRounds "9"]
[EventCountry "ENG"]
[SourceTitle "BritBase"]
[Source "John Saunders"]
[SourceDate "2024.07.17"]
[SourceVersion "1"]
[SourceVersionDate "2024.07.17"]
[SourceQuality "1"]

1. e4 c6 2. d4 d5 3. Nc3 dxe4 4. Nxe4 Nf6 5. Nxf6+ exf6 6. Be3 Na6 7. a3 Bd6 8.
Bd3 O-O 9. Ne2 Bg4 10. h3 Bxe2 11. Qxe2 Nc7 12. O-O Re8 13. Qf3 g6 14. Rad1 f5
15. Rfe1 Qf6 16. c3 f4 17. Bc4 Ne6 18. Bd2 Ng5 19. Qd3 h5 20. Rxe8+ Rxe8 21.
Re1 Rxe1+ 22. Bxe1 Kg7 23. f3 Ne6 24. Bf2 Nc7 25. Qe4 Qe7 26. Qxe7 Bxe7 27. Kf1
b5 28. Bb3 Nd5 29. Ke2 Kf6 30. Bh4+ g5 31. Bf2 h4 32. a4 a6 33. Kd3 Ne3 34.
Bxe3 fxe3 35. Kxe3 Bd6 36. Ke4 Ke7 37. Bc2 Bf4 38. b3 Kd6 39. b4 Bd2 40. Kd3
Be1 41. Bb3 f6 42. a5 Kd7 43. Bg8 Kd6 44. Bh7 Kd7 45. Bf5+ Kc7 46. Be6 Kb7 47.
Kc2 Kc7 48. Kb3 Bf2 49. d5 cxd5 50. Bxd5 Be1 51. c4 bxc4+ 52. Kxc4 Kb8 53. Kc5
Ka7 54. Be4 1/2-1/2

[Event "Wood Green Invitational"]
[Site "Stafford"]
[Date "2024.07.13"]
[Round "4.1"]
[White "Jackson, James P"]
[Black "Wadsworth, Matthew J"]
[Result "1/2-1/2"]
[WhiteElo "2357"]
[BlackElo "2456"]
[PlyCount "86"]
[EventDate "2024.07.12"]
[EventType "tourn"]
[EventRounds "9"]
[EventCountry "ENG"]
[SourceTitle "BritBase"]
[Source "John Saunders"]
[SourceDate "2024.07.17"]
[SourceVersion "1"]
[SourceVersionDate "2024.07.17"]
[SourceQuality "1"]

1. d4 Nf6 2. c4 e6 3. Nc3 Bb4 4. e3 O-O 5. Bd2 d5 6. Nf3 b6 7. cxd5 exd5 8. Bd3
Bb7 9. O-O Bd6 10. Rc1 a6 11. Ne5 c5 12. f4 Nc6 13. Qf3 cxd4 14. Nxc6 Bxc6 15.
exd4 Re8 16. Rfe1 Qd7 17. a3 b5 18. Rxe8+ Rxe8 19. Re1 Rxe1+ 20. Bxe1 Qe8 21.
Bd2 Qb8 22. Qe3 a5 23. Ne2 b4 24. axb4 axb4 25. Ng3 Qa7 26. Nf5 Bf8 27. h3 Ne4
28. Bc1 Qa4 29. Kh2 g6 30. Nh4 Bd6 31. Nf3 f6 32. Qe1 Qb3 33. Qe2 g5 34. g3 h6
35. Nd2 Nxd2 36. Qxd2 gxf4 37. gxf4 Bxf4+ 38. Qxf4 Qxd3 39. Qb8+ Kf7 40. Qc7+
Kg6 41. Qxc6 Qe2+ 42. Kg3 Qe1+ 43. Kf3 Qf1+ 1/2-1/2

[Event "Wood Green Invitational"]
[Site "Stafford"]
[Date "2024.07.13"]
[Round "4.2"]
[White "Turner, Matthew J"]
[Black "Fitzsimons, David"]
[Result "1/2-1/2"]
[WhiteElo "2459"]
[BlackElo "2320"]
[PlyCount "43"]
[EventDate "2024.07.12"]
[EventType "tourn"]
[EventRounds "9"]
[EventCountry "ENG"]
[SourceTitle "BritBase"]
[Source "John Saunders"]
[SourceDate "2024.07.17"]
[SourceVersion "1"]
[SourceVersionDate "2024.07.17"]
[SourceQuality "1"]

1. d4 d5 2. Nf3 c5 3. c4 dxc4 4. e3 cxd4 5. Qxd4 Qxd4 6. Nxd4 Bd7 7. Bxc4 Nc6
8. Nxc6 Bxc6 9. O-O e6 10. b3 Nf6 11. Bb2 Be7 12. Nd2 O-O 13. Rfd1 Rfd8 14. Nf3
Rxd1+ 15. Rxd1 Rd8 16. Rxd8+ Bxd8 17. Nd4 Bd7 18. f3 Ne8 19. Kf2 Nd6 20. Bf1
Bb6 21. Ba3 Bxd4 22. Bxd6 1/2-1/2

[Event "Wood Green Invitational"]
[Site "Stafford"]
[Date "2024.07.13"]
[Round "4.3"]
[White "Ernst, Sipke"]
[Black "Derakhshani, Borna"]
[Result "1/2-1/2"]
[WhiteElo "2512"]
[BlackElo "2351"]
[PlyCount "84"]
[EventDate "2024.07.12"]
[EventType "tourn"]
[EventRounds "9"]
[EventCountry "ENG"]
[SourceTitle "BritBase"]
[Source "John Saunders"]
[SourceDate "2024.07.17"]
[SourceVersion "1"]
[SourceVersionDate "2024.07.17"]
[SourceQuality "1"]

1. d4 Nf6 2. c3 e6 3. Bf4 c5 4. e3 Nc6 5. Nd2 h6 6. Bd3 b6 7. h3 d5 8. Ngf3 Bb7
9. Qe2 Bd6 10. Bxd6 Qxd6 11. O-O O-O 12. Rfd1 e5 13. dxe5 Nxe5 14. Nxe5 Qxe5
15. Ba6 Bc6 16. a4 Rfd8 17. Nf3 Qe8 18. Bb5 a6 19. Bxc6 Qxc6 20. Qc2 Qe6 21.
Rd3 Rd6 22. Rad1 Rad8 23. b3 Qe4 24. Nd2 Qg6 25. Qb1 Ne4 26. Nxe4 dxe4 27. Rxd6
Rxd6 28. Rxd6 Qxd6 29. Qxe4 Qd1+ 30. Kh2 Qxb3 31. Qa8+ Kh7 32. Qxa6 c4 33. a5
bxa5 34. Qxa5 Qc2 35. f3 f6 36. e4 Qd3 37. Qb4 h5 38. Qa3 Qd2 39. Qa1 h4 40.
Kh1 Kh6 41. Kh2 Kh7 42. Kh1 Kh6 1/2-1/2

[Event "Wood Green Invitational"]
[Site "Stafford"]
[Date "2024.07.13"]
[Round "4.4"]
[White "Haydon, David L"]
[Black "Fernandez, Daniel H"]
[Result "1/2-1/2"]
[WhiteElo "2255"]
[BlackElo "2525"]
[PlyCount "78"]
[EventDate "2024.07.12"]
[EventType "tourn"]
[EventRounds "9"]
[EventCountry "ENG"]
[SourceTitle "BritBase"]
[Source "John Saunders"]
[SourceDate "2024.07.17"]
[SourceVersion "1"]
[SourceVersionDate "2024.07.17"]
[SourceQuality "1"]

1. d4 g6 2. Nf3 Bg7 3. c4 c5 4. dxc5 Na6 5. g3 Nxc5 6. Nbd2 b6 7. Bg2 Bb7 8.
O-O a5 9. Nb3 a4 10. Nxc5 bxc5 11. Nd2 Bxg2 12. Kxg2 Nf6 13. Rb1 Ra6 14. b3
Qa8+ 15. Nf3 axb3 16. axb3 O-O 17. Bb2 d6 18. b4 cxb4 19. Bxf6 Bxf6 20. Rxb4
Rc8 21. Qd5 Rc5 22. Qxa8+ Rxa8 23. Rc1 Ra2 24. e3 Rca5 25. c5 dxc5 26. Rbc4
R5a3 27. Kg1 Re2 28. Rxc5 Raa2 29. Rf1 Kg7 30. Rd5 e6 31. Rb5 h6 32. h4 Bc3 33.
Rc5 Ba5 34. Nd4 Reb2 35. Rb5 Bb6 36. Rxb2 Rxb2 37. Nf3 Kf6 38. Rc1 Kf5 39. Rc4
g5 1/2-1/2

[Event "Wood Green Invitational"]
[Site "Stafford"]
[Date "2024.07.13"]
[Round "4.5"]
[White "Waldhausen Gordon, Frederick"]
[Black "Willow, Jonah B"]
[Result "0-1"]
[WhiteElo "2354"]
[BlackElo "2416"]
[PlyCount "108"]
[EventDate "2024.07.12"]
[EventType "tourn"]
[EventRounds "9"]
[EventCountry "ENG"]
[SourceTitle "BritBase"]
[Source "John Saunders"]
[SourceDate "2024.07.17"]
[SourceVersion "1"]
[SourceVersionDate "2024.07.17"]
[SourceQuality "1"]

1. d4 Nf6 2. c4 g6 3. Nc3 Bg7 4. e4 d6 5. Be2 O-O 6. Nf3 e5 7. Be3 Ng4 8. Bg5
f6 9. Bc1 Nc6 10. O-O f5 11. dxe5 Ngxe5 12. exf5 Bxf5 13. Be3 Ng4 14. Qd5+ Kh8
15. Bg5 Qd7 16. Rae1 Rae8 17. Qd2 h6 18. Bh4 g5 19. Bg3 Nf6 20. Bd3 Bg4 21. Bg6
Bxf3 22. Bxe8 Nxe8 23. gxf3 Nd4 24. Re3 Nxf3+ 25. Rxf3 Rxf3 26. Qd5 Qc6 27. Re1
Rf8 28. Re7 Bf6 29. Qxc6 bxc6 30. Rd7 Kg8 31. Kg2 Rf7 32. Rxf7 Kxf7 33. Nd1 Bd4
34. b3 Nf6 35. f3 Ke6 36. Bf2 Ke5 37. Ne3 Kf4 38. Nd5+ Nxd5 39. Bxd4 c5 40. Bg7
Ne3+ 41. Kf2 h5 42. h3 a6 43. Bh8 Nc2 44. Bf6 Nd4 45. Bd8 Ne6 46. Be7 h4 47.
Bf6 Kf5 48. Bc3 Nf4 49. Ba5 Nxh3+ 50. Ke3 c6 51. Bc7 d5 52. Bd6 d4+ 53. Ke2
Nf4+ 54. Kf1 d3 0-1

[Event "Wood Green Invitational"]
[Site "Stafford"]
[Date "2024.07.14"]
[Round "5.1"]
[White "Willow, Jonah B"]
[Black "Jackson, James P"]
[Result "0-1"]
[WhiteElo "2416"]
[BlackElo "2357"]
[PlyCount "116"]
[EventDate "2024.07.12"]
[EventType "tourn"]
[EventRounds "9"]
[EventCountry "ENG"]
[SourceTitle "BritBase"]
[Source "John Saunders"]
[SourceDate "2024.07.17"]
[SourceVersion "1"]
[SourceVersionDate "2024.07.17"]
[SourceQuality "1"]

1. d4 Nf6 2. c4 g6 3. h4 Bg7 4. Nc3 d6 5. e4 Nc6 6. Nge2 O-O 7. f3 e5 8. d5 Nd4
9. Be3 c5 10. dxc6 bxc6 11. Nxd4 exd4 12. Bxd4 Rb8 13. Qc2 Qa5 14. O-O-O Be6
15. Qa4 Qc7 16. Ne2 d5 17. exd5 cxd5 18. c5 a5 19. Qa3 Rb4 20. g4 h5 21. g5 Ne8
22. Kb1 Bxd4 23. Nxd4 Qxc5 24. Nc2 Nc7 25. Bd3 d4 26. Rc1 Qb6 27. Ka1 Rb8 28.
b3 Nb5 29. Qb2 Nc3 30. Nxd4 Rxd4 31. Rxc3 a4 32. Bc2 Qa5 33. Re3 axb3 34. Rxe6
fxe6 35. Bxb3 Qe5 36. Bxe6+ Kh7 37. Bb3 Qg7 38. Kb1 Rb7 39. Qc2 Re7 40. Qb2
Red7 41. Bc2 Rb7 42. Bb3 Rf4 43. Qe2 Re7 44. Qd3 Rd4 45. Qc2 Qe5 46. Qc8 Re8
47. Qb7+ Qe7 48. Qc6 Rd6 49. Qc4 Rd2 50. Bc2 Qg7 51. Qb4 Rdd8 52. Qc4 Re7 53.
f4 Rb7+ 54. Bb3 Rd2 55. Qc1 Qd4 56. Qa3 Qe4+ 57. Kc1 Rbd7 58. Rf1 Qd4 0-1